Partidos Políticos de Argentina - Estadísticas

Estadísticas generales
  • Esta prueba ha sido intentada 97 veces
  • La puntuación promedio es 8 de 22
Estadísticas de respuestas
Líder Político Partido % Correcto
Javier Milei La Libertad Avanza
97%
Mauricio Macri PRO
83%
Nicolás del Caño FIT
79%
Sergio Massa Frente Renovador
77%
Martín Lousteau Unión Cívica Radical
65%
Cristina F. de Kirchner Partido Justicialista
63%
Elisa Carrió Coalición Cívica
44%
Máximo Kirchner La Cámpora
38%
Juan Grabois Patria Grande
31%
Juan Schiaretti Hacemos
29%
Mónica Fein Partido Socialista
28%
Oscar Zago MID
24%
Nicolás del Caño PTS
24%
Margarita Stolbizer GEN
23%
Alberto Weretilneck Juntos Somos RN
21%
Ricardo López Murphy Republicanos Unidos
18%
Lucila Crexell Movimiento Popular Neuquino
17%
Miguel Ángel Pichetto Encuentro Republicano Federal
15%
Claudio Vidal SER Santa Cruz
13%
Manuela Castañeira MAS
12%
Carlos Rovira Partido de la Concordia Social
10%
Carlos Heller Partido Solidario
10%
No se encontraron pruebas coincidentes
Distribución de puntuación
Porcentaje de gente con cada puntuación
Porcentaje por número respondido
Historial de tus puntuaciones
No has intentado esta prueba.